Normal view
MARC view
- Sharif, Razia
Entry Personal Name
001 - CONTROL NUMBER
- control field: 16454
003 - CONTROL NUMBER IDENTIFIER
- control field: NUST
005 - DATE AND TIME OF LATEST TRANSACTION
- control field: 20190703051850.0
008 - FIXED-LENGTH DATA ELEMENTS
- fixed length control field: 190703|| aca||aabn | a|a d
040 ## - CATALOGING SOURCE
- Original cataloging agency: NUST
- Transcribing agency: NUST
100 ## - HEADING--PERSONAL NAME
- Personal name: Sharif, Razia
670 ## - SOURCE DATA FOUND
- Source citation: Work cat.: (NUST): Sharif, Razia, Numerical Results for Flows and Heat Transfer Due to Nonlinearly and Exponentially Stretching Surfaces with Variable Fluid Properties /, 2018.
